000 00887cam a2200289 i 4500
001 200465067
003 TR-AnTOB
005 20250814142446.0
007 ta
008 240227s2015 tu a 000 0 tur d
020 _a9786058830981
040 _aDEUX
_beng
_erda
_cTR-AnTOB
_dTR-AnTOB
041 0 _atur
050 1 4 _aBT102
_b.D86 2012
090 _aBT102
_b.D86 2012
100 1 _aDündar, Yılmaz
_9144192
_eauthor
245 1 0 _aSen Tanrı mısın? :
_b Kendini hissetme duygusu muhtariyeti tercih gücü /
_b Yılmaz Dündar.
250 _aAltıncı Baskı.
264 1 _aAnkara :
_b[publisher not identified],
_c2012.
300 _a783 pages :
_billustrations ;
_c24 cm
336 _atext
_btxt
_2rdacontent
337 _aunmediated
_bn
_2rdamedia
338 _avolume
_bnc
_2rdacarrier
650 7 _aTanrı
_2etuturkob
_916993
942 _2lcc
_cBK
999 _c200465067
_d83279